00340 2200145 4500001002100000005001500021035002000036245002900056100001900085300001100104260003300115082000800148084001400156990002400170INLIS00000000000227220250527025943 a0010-05250005641 aFutsal /cR. Aulia Narti0 aR. Aulia Narti a28 hlm bIndah Jaya Adipratama,c2007 a700 a700 R. f a0713187 s/d 0713188